| 000 | 00593nam a2200169 a 4500 | ||
|---|---|---|---|
| 001 | 000039625 | ||
| 005 | 20201002033640.0 | ||
| 008 | 130712s2002 sp a 000 0 spa d | ||
| 020 | _a8483064839 | ||
| 040 |
_aDO-SdBNP _bspa _cBNPHU |
||
| 082 | _axxx | ||
| 245 | 0 | 0 |
_aCuba : _bAmanecer del tercer milenio : ciencia, sociedad y tecnología / _ccoordinador-editor Fidel Castro Díaz-Balart ; prólogo Concepción Campa. |
| 260 |
_aMadrid : _bDebate, _c2002. |
||
| 300 |
_a414 p. : _bil. ; _c22 cm. |
||
| 700 | 1 |
_aCastro Díaz-Balart, Fidel _eed. _965801 |
|
| 700 | 1 |
_aCampa, Concepción _epról. _965802 |
|
| 999 |
_c39115 _d39115 |
||